MARC

LEADER 00000nam0a2200000 4500
001 162139
005 20231031160219.0
035 |a (RuTPU)RU\TPU\book\175848 
090 |a 162139 
100 |a 20090618d1985 km y0rusy50 ca 
101 0 |a rus 
102 |a RU 
105 |a a z 001zy 
200 1 |a Прогнозирование геолого-экономического качества ресурсов нефти и газа  |f Академия наук СССР (АН СССР), Институт геологии и разработки горючих ископаемых ; отв. ред. В. Д. Наливкин, М. Т. Абасов 
210 |a Москва  |c Наука  |d 1985 
215 |a 168 с.  |c ил. 
320 |a Библиография в конце статей 
610 1 |a прогнозирование 
610 1 |a геология 
610 1 |a нефть 
610 1 |a газ 
610 1 |a сборники 
610 1 |a оценка 
610 1 |a газовые месторождения 
610 1 |a нефтяные месторождения 
675 |a 553.98.044  |v 3 
702 1 |a Наливкин  |b В. Д.  |g Василий Дмитриевич  |4 340 
702 1 |a Абасов  |b М. Т.  |4 340 
712 0 2 |a Академия наук СССР (АН СССР)  |b Институт геологии и разработки горючих ископаемых  |2 stltpush  |3 (RuTPU)RU\TPU\col\13483 
801 1 |a RU  |b 63413507  |c 20090618  |g PSBO 
801 2 |a RU  |b 63413507  |c 20090811  |g PSBO 
942 |c BK